English know how Workbook 3

שמור ב:
מידע ביבליוגרפי
פורמט: ספר
יצא לאור: 2004
תגים: הוספת תג
אין תגיות, היה/י הראשונ/ה לתייג את הרשומה!
Thư viện lưu trữ: Mạng thư viện Đại học Đà Nẵng
LEADER 00440nam a22001811a 4500
001 000038215
003 14510
005 20160412021239.0
008 160412s2004 000
082 |a 4A(07)1827 
245 |a English know how Workbook 3  |c Gregory J. Martin 
260 |c 2004 
OWN |a LNN 
999 |a From the UDN01 
TYP |a Monograph 
980 |a Mạng thư viện Đại học Đà Nẵng